Concise concepts of nanoscience and nanomaterials (Record no. 195712)
[ view plain ]
| 000 -LEADER | |
|---|---|
| fixed length control field | 00649nam a22002297a 4500 |
| 003 - CONTROL NUMBER IDENTIFIER | |
| control field | OSt |
| 020 ## - INTERNATIONAL STANDARD BOOK NUMBER | |
| International Standard Book Number | 9789386652225 |
| 082 ## - DEWEY DECIMAL CLASSIFICATION NUMBER | |
| Classification number | 620.5 |
| Item number | NAR/CO |
| 100 ## - MAIN ENTRY--PERSONAL NAME | |
| Personal name | Narendra Kumar |
| 245 ## - TITLE STATEMENT | |
| Title | Concise concepts of nanoscience and nanomaterials |
| 260 ## - PUBLICATION, DISTRIBUTION, ETC. (IMPRINT) | |
| Place of publication, distribution, etc | Jodhpur |
| Name of publisher, distributor, etc | Scientific Publishers India |
| Date of publication, distribution, etc | 2018 |
| 300 ## - PHYSICAL DESCRIPTION | |
| Extent | xiv, 342p. |
| 500 ## - GENERAL NOTE | |
| General note | Nanoscience and nanomaterials |
| 546 ## - LANGUAGE | |
| Language note | English |
| 650 ## - SUBJECT ADDED ENTRY--TOPICAL TERM | |
| Topical term or geographic name as entry element | Nanoscience in nature |
| 650 ## - SUBJECT ADDED ENTRY--TOPICAL TERM | |
| Topical term or geographic name as entry element | Inorganic nanomaterials |
| 650 ## - SUBJECT ADDED ENTRY--TOPICAL TERM | |
| Topical term or geographic name as entry element | Synthesis of nanomaterials |
| 650 ## - SUBJECT ADDED ENTRY--TOPICAL TERM | |
| Topical term or geographic name as entry element | Impact of nanoscience on technology |
| 650 ## - SUBJECT ADDED ENTRY--TOPICAL TERM | |
| Topical term or geographic name as entry element | Clays and polymers |
| 700 ## - ADDED ENTRY--PERSONAL NAME | |
| Personal name | Sunita Kumbhat |
| 942 ## - ADDED ENTRY ELEMENTS (KOHA) | |
| Source of classification or shelving scheme | Dewey Decimal Classification |
| Koha item type | Books (General) |
| Lost status | Source of classification or shelving scheme | Damaged status | Not for loan | Collection code | Home library | Current library | Shelving location | Date acquired | Cost, normal purchase price | Total Checkouts | Full call number | Barcode | Date last seen | Date last borrowed | Koha item type |
|---|---|---|---|---|---|---|---|---|---|---|---|---|---|---|---|
| Dewey Decimal Classification | General | KAU Central Library, Thrissur | KAU Central Library, Thrissur | General | 05/04/2021 | 1995.00 | 1 | 620.5 NAR/CO | 230999 | 02/06/2022 | 02/06/2022 | Books (General) |
